<?xml version="1.0" encoding="UTF-8"?>
<collection xmlns:xsi="http://www.w3.org/2001/XMLSchema-instance" xsi:schemaLocation="http://www.loc.gov/MARC21/slim http://www.loc.gov/standards/marcxml/schema/MARC21slim.xsd" xmlns="http://www.loc.gov/MARC21/slim">
 <record>
  <leader>00000cam a22000004a 4500</leader>
  <controlfield tag="001">UP-1685675941123820725</controlfield>
  <controlfield tag="003">Buklod</controlfield>
  <controlfield tag="005">20081122161935.0</controlfield>
  <controlfield tag="006">aa    rb   |||1 u|</controlfield>
  <controlfield tag="007">ta</controlfield>
  <controlfield tag="008">960711r19972002xx a    r    |001 0|eng d</controlfield>
  <datafield tag="020" ind1=" " ind2=" ">
   <subfield code="a">9814009792</subfield>
  </datafield>
  <datafield tag="035" ind1=" " ind2=" ">
   <subfield code="a">(iLib)UPTAC-00002294394</subfield>
  </datafield>
  <datafield tag="037" ind1=" " ind2=" ">
   <subfield code="b">C&amp;E</subfield>
   <subfield code="c">PhP395.00</subfield>
  </datafield>
  <datafield tag="040" ind1=" " ind2=" ">
   <subfield code="a">DLC</subfield>
   <subfield code="c">UPVTC</subfield>
  </datafield>
  <datafield tag="041" ind1="0" ind2=" ">
   <subfield code="a">eng</subfield>
  </datafield>
  <datafield tag="090" ind1=" " ind2="0">
   <subfield code="a">QA 371</subfield>
   <subfield code="b">R29 2002</subfield>
  </datafield>
  <datafield tag="100" ind1="1" ind2=" ">
   <subfield code="a">Rainville, Earl David</subfield>
   <subfield code="d">1907-</subfield>
  </datafield>
  <datafield tag="245" ind1="1" ind2="0">
   <subfield code="a">Elementary differential equations</subfield>
   <subfield code="c">Earl D. Rainville, Phillip E. Bedient, Richard E. Bedient.</subfield>
  </datafield>
  <datafield tag="250" ind1=" " ind2=" ">
   <subfield code="a">8th ed.</subfield>
  </datafield>
  <datafield tag="264" ind1=" " ind2="1">
   <subfield code="a">Singapore</subfield>
   <subfield code="b">Pearson Education Asia</subfield>
   <subfield code="c">c1997, r2002.</subfield>
  </datafield>
  <datafield tag="300" ind1=" " ind2=" ">
   <subfield code="a">xiii, 530 p.</subfield>
   <subfield code="b">ill.</subfield>
   <subfield code="c">24 cm.</subfield>
  </datafield>
  <datafield tag="500" ind1=" " ind2=" ">
   <subfield code="a">Printed in the Philippines.</subfield>
  </datafield>
  <datafield tag="500" ind1=" " ind2=" ">
   <subfield code="a">Includes index.</subfield>
  </datafield>
  <datafield tag="505" ind1="0" ind2=" ">
   <subfield code="a">Table of Contents:  Preface. -- 1. Definitions; Families of Curves -- 2. Equations of Order One -- 3. Numerical Methods -- 4. Elementary Applications -- 5. Additional Topics on Equations of Order One -- 6. Linear Differential Equations -- 7. Linear Equations with Constants Coefficients -- 8. Nonhomogeneous Equations: Undetermined Coefficients -- 9. Variation of Parameters -- 10. Applications -- 11. Linear Systems of Equations -- 12. Nonhomogeneous Systems of Equations -- 13. The Existence and Uniqueness of Solutions -- 14. The Laplace Transform -- 15. Inverse Transforms -- 16. Nonlinear Equations -- 17. Power Series Solutions -- 18. Solutions Near Regular Singular Points -- 19. Equations of Hypergeometric Type -- 20. Partial Differential Equations -- 21. Orthogonal Sets of Functions -- 22. Fourier Series -- 23. Boundary Value Problems -- 24. Additional Properties of the Laplace Transform -- 25. Partial Differential Equations Transform Methods. -- Answers to Odd-numbered Exercises. Index.</subfield>
  </datafield>
  <datafield tag="650" ind1=" " ind2="0">
   <subfield code="a">Differential equations.</subfield>
  </datafield>
  <datafield tag="700" ind1="1" ind2=" ">
   <subfield code="a">Bedient, Phillip Edward</subfield>
   <subfield code="d">1922-.</subfield>
  </datafield>
  <datafield tag="700" ind1="1" ind2=" ">
   <subfield code="a">Bedient, Richard E.</subfield>
  </datafield>
  <datafield tag="856" ind1="4" ind2="1">
   <subfield code="3">Table of contents only</subfield>
   <subfield code="u">https://drive.google.com/file/d/1-01b0Ei29lU0LKUi0Ej1dS1vQSmrA__3/view?usp=sharing</subfield>
  </datafield>
  <datafield tag="905" ind1=" " ind2=" ">
   <subfield code="a">FO</subfield>
  </datafield>
  <datafield tag="852" ind1="0" ind2=" ">
   <subfield code="a">UPTAC</subfield>
   <subfield code="b">UPTAC</subfield>
   <subfield code="h">QA 371 R29 2002</subfield>
  </datafield>
  <datafield tag="942" ind1=" " ind2=" ">
   <subfield code="a">Book</subfield>
  </datafield>
 </record>
</collection>
